Normal view
MARC view
Entry Corporate Name
001 - CONTROL NUMBER
- control field: 8825
003 - CONTROL NUMBER IDENTIFIER
- control field: AM-YEHGA
005 - DATE AND TIME OF LATEST TRANSACTION
- control field: 20250618063806.0
008 - FIXED-LENGTH DATA ELEMENTS
- fixed length control field: 190125na|ac|nnaabn fb ana ||
040 ## - CATALOGING SOURCE
- Original cataloging agency: AM-YEHGA
046 ## - SPECIAL CODED DATES
- Establishment date: 1996
110 2# - HEADING--CORPORATE NAME
- Corporate name or jurisdiction name as entry element: Հյուսիսային համալսարան
410 2# - SEE FROM TRACING--CORPORATE NAME
- Corporate name or jurisdiction name as entry element: Северный университет
410 2# - SEE FROM TRACING--CORPORATE NAME
- Corporate name or jurisdiction name as entry element: Northern university
410 2# - SEE FROM TRACING--CORPORATE NAME
- Corporate name or jurisdiction name as entry element: «Հյուսիսային համալսարան» ՍՊԸ
410 2# - SEE FROM TRACING--CORPORATE NAME
- Corporate name or jurisdiction name as entry element: «Северный университет» ООО
410 2# - SEE FROM TRACING--CORPORATE NAME
- Corporate name or jurisdiction name as entry element: «Northern university» LLC
ՀՀ Գիտությունների ազգային ակադեմիայի հիմնարար գիտական գրադարան = Fundamental Scientific Library of NAS RA
All site content, except where otherwise noted, is licensed under a